000 00295nam a22001337a 4500
008 181011b xxu||||| |||| 00| 0 eng d
020 _a9780781746786
041 _aeng
080 _a615
100 _a5
101 _aFAR
245 _aPrinciples of Pharmacology
_cGolan,D.E
942 _2udc
_cBK
999 _c49370
_d49370